Historical account of the mischances in regard to the construction of a railway across the Republic of Honduras : (Record no. 165361)

MARC details
000 -LEADER
campo de control de longitud fija 00829nam a22001695i 4500
001 - NÚMERO DE CONTROL
campo de control 165361
003 - IDENTIFICADOR DE NÚMERO DE CONTROL
campo de control ES-MaACL
005 - FECHA Y HORA DE LA ÚLTIMA TRANSACCIÓN
campo de control 20230906213125.0
008 - DATOS DE LONGITUD FIJA--INFORMACIÓN GENERAL
campo de control de longitud fija 050819s1875 xxk | |||||||| ||eng d
100 1# - ENTRADA PRINCIPAL--NOMBRE DE PERSONA
Nombre de persona Silva Ferro, Ramón de.
9 (RLIN) 132731
245 10 - MENCIÓN DEL TÍTULO
Título Historical account of the mischances in regard to the construction of a railway across the Republic of Honduras :
Resto del título the failure of the loans solicited from the public to carry out that undertaking... /
Mención de responsabilidad, etc. by Ramón de Silva Ferro ; (translated from the Spanish).
260 ## - PUBLICACIÓN, DISTRIBUCIÓN, ETC.
Lugar de publicación, distribución, etc. London :
Nombre del editor, distribuidor, etc. [s.n.],
Fecha de publicación, distribución, etc. 1875 (
Fabricante C.F. Hodgson & son)
300 ## - DESCRIPCIÓN FÍSICA
Extensión IX, 146 p. ;
Dimensiones 23 cm.
650 ## - PUNTO DE ACCESO ADICIONAL DE MATERIA--TÉRMINO DE MATERIA
Término de materia o nombre geográfico como elemento de entrada Ferrocarriles-
Subdivisión geográfica Honduras.
9 (RLIN) 136104
852 4# - LOCALIZACIÓN
Ubicación ES-MaACL
Número de control de estantería T-182-F-10
Nota libre - Enc. hol.
-- - Enc. en un vol. facticio
852 4# - LOCALIZACIÓN
Ubicación ES-MaACL
Número de control de estantería T-179-F-2
Nota libre - Enc. hol.
-- - Enc. en un vol. facticio
Holdings
Estatus retirado Estado de pérdida Estado de daño No para préstamo Colección Biblioteca de origen Biblioteca actual Ubicación en estantería Fecha de adquisición Total de préstamos Signatura topográfica completa Código de barras Visto por última vez Precio de reemplazo Tipo de ítem Koha
        Colección de folletos Biblioteca del Ateneo de Madrid Biblioteca del Ateneo de Madrid Depósito folletos 17/01/2008   T-179-F-2 1173398 23/02/2023 23/02/2023 Folleto
        Colección de folletos Biblioteca del Ateneo de Madrid Biblioteca del Ateneo de Madrid Depósito folletos 17/01/2008   T-182-F-10 1173397 23/02/2023 23/02/2023 Folleto